Normal view
MARC view
- Negotiation in business.
Entry Topical Term
001 - CONTROL NUMBER
- control field: 12378
003 - CONTROL NUMBER IDENTIFIER
- control field: NUST
005 - DATE AND TIME OF LATEST TRANSACTION
- control field: 20181030104743.0
008 - FIXED-LENGTH DATA ELEMENTS
- fixed length control field: 181030|| aca||aabn | a|a d
040 ## - CATALOGING SOURCE
- Original cataloging agency: NUST
- Transcribing agency: NUST
150 ## - HEADING--TOPICAL TERM
- Topical term or geographic name entry element: Negotiation in business.
670 ## - SOURCE DATA FOUND
- Source citation: Work cat.: (NUST)0: Samuels, Steven B. 12377, How to negotiate /, 1982.
